01914nam a2200241 a 4500020002700000020003000027082001600057100002300073245003100096250001200127260004400139300001300183520091500196650001701111700002201128700004201150856007001192942000701262999001301269952013201282952014101414952011701555 a0443100349 (paperback) a9780443100345 (paperback) a574.192 CAM1 aCampbell, Peter N.10aBiochemistry illustrated : a5th ed. a[S.l.] :bChurchill Livingstone,c2005. a264 p. ; aThis title gives students of medicine, other health professions and science a coherent account of biochemistry and molecular biology. Over 500 two-colour line illustrations help the reader visualise biochemistry and understand difficult concepts. Gene structure and function are introduced early in the book as they are so central to the control and regulation of biochemical processes. This organisation of content provides the reader with a logical sequence of events that aids learning. Highly visual presentation of subject Concentrates on essential core of knowledge Logical sequence of chapters with nucleic acids and protein synthesis covered at start of book. Entire book has been reviewed by medical students Clinical advisor introduced to authorship team More clinical relevance added to text New chapter on the The post-genomic era and its impact on the future of biochemistry and molecular biology. abiochemistry1 aSmith, Anthony D.1 aFRCPath, Timothy J. Peters DSc FRCP 40uhttp://www.amazon.com/exec/obidos/ASIN/0443100349/chopaconline-20 cBK c894d894 0010708NFICaMLCampusbMLCampuscGENd2015-06-06l17m2o574.192 CAMp005886r2026-03-15 12:01:36s2026-03-03w2015-06-06yBK 0010708NFICaMLCampusbMLCampuscGENd2015-06-14g1781.00l20m2o574.192 CAMp005821r2026-03-15 10:37:10s2026-03-05w2015-06-14yBK 0010708NFICaICbICcGENd2015-06-21l17o574.192 CAMp005612r2023-05-29 00:00:00s2023-05-16w2015-06-21yBK